Lanean...

Gandhi Oru Rashtriya Patanam/

Xehetasun bibliografikoak
Egile nagusia: Kripalani Acharya
Beste egile batzuk: Sreekanta Poduval A V (tr.)
Formatua: Printed Book
Argitaratua: Kozhikode: P K Brothers, 1998.
Gaiak:
LEADER 00550nam a22001577a 4500
999 |c 144568  |d 144568 
082 |a M GAN 181.4  |b KRI/G 
100 |a Kripalani Acharya 
245 |a Gandhi Oru Rashtriya Patanam/  |c by Kripalani Acharya 
260 |a Kozhikode:  |b P K Brothers,  |c 1998. 
300 |a 88p. 
650 |a Philosophy Gandhi 
650 |a Philosophy 
700 |a Sreekanta Poduval A V (tr.) 
942 |c BK 
952 |0 0  |1 0  |4 0  |6 M_GAN_181_400000000000000_KRI_G  |7 0  |9 102084  |a SSUS  |b SSUS  |c STACKS  |d 2020-02-17  |g 32.00  |o M GAN 181.4 KRI/G  |p 098981  |r 2020-02-17  |w 2020-02-17  |y BK